000 00355nam a22001457a 4500
999 _c8771
_d8771
003 OSt
008 200710b ||||| |||| 00| 0 eng d
100 _aBhise ,S B
245 _aHuman Anatomy & Physiology -11
250 _a2019
260 _aNew Delhi
_bNIrali Publisher
300 _a8.14
650 _aHuman Anatomy and Physiology
942 _2ddc
_cBK
_02